|
|
|
|
| LEADER |
00000cam a2200000 7i4500 |
| 001 |
0000018983 |
| 005 |
20090401.0 |
| 008 |
090330s my # eng |
| 020 |
|
|
|a 9789678919241 ,
|c 49.40
|
| 040 |
|
|
|a INS
|
| 090 |
0 |
0 |
|a KPG1040
|b A28 1008
|
| 110 |
1 |
|
|a Malaysia
|
| 245 |
1 |
0 |
|a Road transport rules(compilation of 47 rules) as at 10th October 2008
|c Legal Research Board
|
| 260 |
|
|
|a Selangor :
|b International Law Book Services ,
|c 2008
|
| 300 |
|
|
|a vi, 748p. ;
|c 24cm.
|
| 650 |
|
0 |
|a Motor vehicles
|x Law and legislation
|z Malaysia
|
| 650 |
|
0 |
|a Traffic regulations
|z Malaysia
|
| 650 |
|
0 |
|a Transportation, Automotive
|x Law and legislation
|z Malaysia
|
| 710 |
1 |
|
|a Legal research Board .
|b International Law Book Services
|
| 810 |
1 |
|
|a Malaysia
|t Laws, etc. (International Law Book Services)
|
| 999 |
|
|
|a 0000020699
|b BOOK
|c Acts
|e Default branch
|